| 000 | 00394nmm a2200133Ia 4500 | ||
|---|---|---|---|
| 005 | 20241119152055.0 | ||
| 008 | 241119s9999||||xx |||||||||||||||||und|| | ||
| 100 | _aKnecht, Alban | ||
| 245 | 0 | _aSocial Work in the Changing Welfare State | |
| 260 |
_aVerlag Barbara Budrich _c2024 |
||
| 650 | _aGeneral/Reference | ||
| 856 | _uhttps://www.jstor.org/stable/10.2307/jj.11930977 | ||
| 942 | _cE-Book | ||
| 999 |
_c187942 _d187942 |
||